| 000 | 00844nam a2200265 i 4500 | ||
|---|---|---|---|
| 003 | DO-SdBNP | ||
| 005 | 20240624155116.0 | ||
| 007 | ta | ||
| 008 | 240624b1990 sp ||||| |||| 00| 0 spa d | ||
| 020 | _a8432048798 (v.2) | ||
| 040 |
_aDO-SdBNP _bspa _cBNPHU _erda |
||
| 082 | 4 | _222 | |
| 245 | 0 | 4 |
_aLas mil y una noches / _ctraducción, introducción y notas, Juan Vernet |
| 264 | 4 |
_aMadrid : _bDiario El País, _c@2004. |
|
| 300 |
_avolumens ; _e19 cm. |
||
| 336 |
_2rdacontent _atexto _btxt |
||
| 337 |
_2rdamedia _asin mediación _bn |
||
| 338 |
_2rdacarrier _avolumen _bnc |
||
| 500 | _aIncluye referencias bibliográficas y notas al pie de las páginas | ||
| 500 | _aLa biblioteca posee el volumen 2 | ||
| 590 | _aInventariado, 2024/BT | ||
| 700 | 1 |
_aVernet, Juan, _etraducción y notas _985777 |
|
| 910 | _aBtavárez | ||
| 942 |
_2ddc _cLBS1 |
||
| 999 |
_c56952 _d56952 |
||